<?xml version="1.0" encoding="UTF-8"?>
<collection xmlns="http://www.loc.gov/MARC21/slim">
 <record>
  <leader>01713nam a2200217Ia 4500</leader>
  <controlfield tag="001">TDMU_31733</controlfield>
  <controlfield tag="008">210410s9999    xx            000 0 und d</controlfield>
  <datafield tag="082" ind1=" " ind2=" ">
   <subfield code="a">324.2597075</subfield>
  </datafield>
  <datafield tag="090" ind1=" " ind2=" ">
   <subfield code="b">L250</subfield>
  </datafield>
  <datafield tag="100" ind1=" " ind2=" ">
   <subfield code="a">Lê, Huy Bá</subfield>
  </datafield>
  <datafield tag="245" ind1=" " ind2="0">
   <subfield code="a">Khô hạn, xâm nhập mặn ở Đồng bằng Sông Cửu Long</subfield>
  </datafield>
  <datafield tag="245" ind1=" " ind2="0">
   <subfield code="b">Cơ sở lý luận và thực tiễn</subfield>
  </datafield>
  <datafield tag="245" ind1=" " ind2="0">
   <subfield code="c">Lê Huy Bá (ch.b.), Lương Văn Việt, Nguyễn Xuân Hoàn</subfield>
  </datafield>
  <datafield tag="260" ind1=" " ind2=" ">
   <subfield code="a">Tp. Hồ Chí Minh</subfield>
  </datafield>
  <datafield tag="260" ind1=" " ind2=" ">
   <subfield code="b">Đại học Quốc gia Tp. Hồ Chí Minh</subfield>
  </datafield>
  <datafield tag="260" ind1=" " ind2=" ">
   <subfield code="c">2017</subfield>
  </datafield>
  <datafield tag="300" ind1=" " ind2=" ">
   <subfield code="a">525tr.</subfield>
  </datafield>
  <datafield tag="520" ind1=" " ind2=" ">
   <subfield code="a"> Trình bày các khái niệm và thuật ngữ về biến đổi khí hậu, khô hạn, xâm nhập mặn. Thay đổi của xâm nhập mặn do biến đổi khí hậu ở Đồng bằng sông Cửu Long. Xâm nhập mặn ở Đồng bằng sông Cửu Long năm 2015-2016. Ảnh hưởng của nước biển dâng, thuỷ triều lên xâm nhập mặn Đồng bằng sông Cửu Long. Sạt lở bờ sông, bờ biển vùng Đồng bằng sông Cửu Long do xâm nhập mặn và cạn kiệt dòng chảy...cùng một số giải pháp nhằm thích ừng và giảm thiểu nguy hiểm tối đa cho khu vực này</subfield>
  </datafield>
  <datafield tag="650" ind1=" " ind2=" ">
   <subfield code="a">Biến đổi khí hậu</subfield>
   <subfield code="x">Giải pháp</subfield>
   <subfield code="z">Đồng bằng Sông Cửu Long; Xâm nhập mặn</subfield>
   <subfield code="x">Giải pháp</subfield>
   <subfield code="z">Đồng bằng Sông Cửu Long</subfield>
  </datafield>
  <datafield tag="856" ind1=" " ind2=" ">
   <subfield code="u">http://lrc.tdmu.edu.vn/opac/search/detail.asp?aID=2&amp;ID=31733</subfield>
  </datafield>
  <datafield tag="980" ind1=" " ind2=" ">
   <subfield code="a">Trung tâm Học liệu Trường Đại học Thủ Dầu Một</subfield>
  </datafield>
 </record>
</collection>
